Quiz o Koszalinie - Statystyki

Ogólne statystyki
  • Ten quiz został rozwiązany 56 razy
  • Średni wynik to 10 z 13
Statystyki odpowiedzi
Pytanie Odpowiedź % Poprawnych
Droga ekspresowa przebiegająca przez miasto S6
96%
Największe jezioro przy, którym leży Koszalin Jamno
94%
Niemiecka nazwa miasta Köslin
94%
Klub piłkarski z Koszalina, który niegdyś grał na drugim poziomie rozgrywkowym Gwardia
92%
Najwyższe wzgórze w mieście Góra Chełmska
90%
Inny znany klub piłkarski z Koszalina, wieloletni uczestnik trzeciego poziomu rozgrywkowego Bałtyk
85%
Popularny nadmorski kurort położony niedaleko Koszalina Mielno
81%
Najstarszy kościół w mieście Katedra pw. Niepokalanego Poczęcia NMP
79%
W dolinie tej rzeki znajduje się powyższy park Dzierżęcinka
77%
Zabytkowy park w Koszalinie Park {Książąt Pomorskich}
71%
W tym wieku ulokowano miasto na prawie lubeckim XIII
56%
Budynek w którym znajduje się obecnie Muzeum w Koszalinie Młyn miejski
33%
Koszalin jest członkiem tego związku miast partnerskich, który zajmuje się handlem i turystyką, którego nazwa nawiązuje do średniowiecznego związku miast handlowych Nowa Hanza
6%
Nie znaleziono quizów pasujących do podanych kryteriów
Rozkład punktacji
Procent ludzi z każdym wynikiem
Percentyl według liczby udzielonych odpowiedzi
Twoja historia wyników
Nie rozwiązałeś tego quizu